Statistiken für Geboren in Istanbul

Klicken Sie hier um das Quiz zu spielen!

Allgemein

  • Dieses Quiz wurde 9 mal gespielt
  • Das Durchschnittsergebnis liegt bei 4 aus 26

Antwortstatistiken

HinweisAntwort% Korrekt
amtirender Präsident der Türkei1954Recep Tayyip Erdogan
88%
Gründer von Galatasaray Istanbul1886Ali Sami Yen
38%
Regisseur, "Es war einmal in Anatolien" "Winterschlaf"1959Nuri Bilge Ceylan
38%
fünfmaliger Ministerpräsident der Türkei1925Bülent Ecevit
25%
Kaiser von Byzanz von 913 bis 959905Konstantin VII.
25%
Sultan des osmanischen Reichs von 1868 bis 19441842Abdülhamid II.
13%
letzter osmanischer Kalif1868Abdülmecid II.
13%
Regisseur und Oscarpreisträger, "Jenseits von Eden" "Endstation Sehnsucht"1909Elia Kazan
13%
deutsch-türkischer Schauspieler, "Mordkommission Istanbul"1968Erol Sander
13%
Kaiser von Byzanz von 1118 bis 11431087Johannes II.
13%
Kaiser von Byzanz von 1341 bis 13541295Johannes VI.
13%
Kaiser von Byzanz von 1425 bis 14481392Johannes VII.
13%
Kaiser von Byzanz von 886 bis 912866Leo VI.
13%
Sultan des osmanischen Reichs von 1808 bis 18391785Mahmud II.
13%
Olympischer Goldmedaillengewinner im Bogenschießen1999Mete Gazoz
13%
deutsch-türkischer Kabarettist1968Serdar Somuncu
13%
bedeutender Journalist und Chefredakteur der Zeitung "Milliyet", er wurde ermordet1929Abdi Ipekci
0%
kontroverser deutsch-türkischer Schriftsteller, "Felidae"1959Akif Pirincci
0%
Mitglied einer der reichsten Familien der Türkei und Präsident von Fenerbahce Istanbul1967Ali Koc
0%
armenischer Erdölhändler und zum Zeitpunkt seines Todes reichster Mann der Welt1869Calouste Gulbenkian
0%
Manager und langjähriger Vorstandsvorsitzender von Daimler1953Dieter Zetsche
0%
früherer NBA-Spieler (Magic, Kings, Clippers) und heutiger Präsident des türkischen Basketballverbands1979Hedo Türkoglu
0%
Besitzer des ersten Wiener Kaffeehauses1640Johannes Theodat
0%
dreimaliger Ministerpräsident der Türkei1947Mesut Yilmaz
0%
Sängerin und Gewinnerin des Eurovision Song Contest 20031964Sertab Erener
0%
Industrieller, früherer Präsident des türkischen Fußballverbands und von Besiktas Istanbul1964Yildirim Demirören
0%

Verteilung der Resultate

Perzentil nach korrekt beantworteten Fragen

Anzahl Personen mit jedem Resultat

Ihre Resultats-Entwicklung

Sie haben dieses Quiz noch nicht gespielt